00000000nam 2200000za 4500
0019.846745
003CaOODSP
00520221107153257
007cr |||||||||||
008171107s2017    onc     ol   f000 0 eng d
040 |aCaOODSP|beng
041 |aeng|afre
043 |an-cn---
0861 |aXB421-65/1-PDF
1101 |aCanada. |bParliament. |bHouse of Commons.
24513|aAn Act to amend the Canada Labour Code (harassment and violence), the Parliamentary Employment and Staff Relations Act and the Budget Implementation Act, 2017, No. 1 |h[electronic resource] = |bLoi modifiant le Code canadien du travail (harcèlement et violence), la Loi sur les relations de travail au Parlement, et la Loi no 1 d’exécution du budget de 2017.
24631|aLoi modifiant le Code canadien du travail (harcèlement et violence), la Loi sur les relations de travail au Parlement, et la Loi no 1 d’exécution du budget de 2017
260 |a[Ottawa] : |bHouse of Commons of Canada = Chambre des communes du Canada, |c2017.
300 |aiii, 14, 5 p.
4901 |aBill C-... ; |vBill C-65, 1st session, 42nd Parliament
500 |aCover title.
500 |a"First reading, November 7, 2017."
500 |aHouse government bill: sponsor, Minister of Employment, Workforce Development and Labour.
520 |a“Part 1 of this enactment amends the Canada Labour Code to strengthen the existing framework for the prevention of harassment and violence, including sexual harassment and sexual violence, in the work place. Part 2 amends Part III of the Parliamentary Employment and Staff Relations Act with respect to the application of Part II of the Canada Labour Code to parliamentary employers and employees, without limiting in any way the powers, privileges and immunities of the Senate and the House of Commons and their members. Part 3 amends a transitional provision in the Budget Implementation Act, 2017, No. 1”--Summary, p. ii.
546 |aText in English and French.
69207|2gccst|aLabour code
69207|2gccst|aHarassment
69207|2gccst|aBudgets
69207|2gccst|aLegislation
792 |tAn Act to amend the Canada Labour Code (harassment and violence), the Parliamentary Employment and Staff Relations Act and the Budget Implementation Act, 2017, No. 1 |efre|w(CaOODSP)9.846746
830#0|aBill C-...|vBill C-65, 1st session, 42nd Parliament|w(CaOODSP)9.500659
85640|qPDF|s485 KB|uhttps://publications.gc.ca/collections/collection_2017/parl/XB421-65-1.pdf